Szczegóły MARC21

The new law : suggestions for reforms and improvements of existing legal norms and principles /

003 -Nazwa inst., której nr kontr. jest w polu 001 [,]
    • @
    • Nazwa instytucji, której n kontrolny jest w polu 001
    • NUKAT
005 -DATA I CZAS OSTATNIEJ MODYFIKACJI [,]
    • @
    • pole kontrolne
    • 20251215073824.0
020 -Międzynarod. znormalizowany nr książki - ISBN [ , ]
    • a
    • Numer ISBN
    • 9783848740888 Find
    • q
    • Dopowiedzenie
    • (oprawa miękka ;
    • q
    • Dopowiedzenie
    • print)
020 -Międzynarod. znormalizowany nr książki - ISBN [ , ]
    • a
    • Numer ISBN
    • 9783845283975 Find
    • q
    • Dopowiedzenie
    • (ePDF)
040 -Instytucja sporządzająca opis [ , ]
    • a
    • Instytucja, która sporządziła opis (NP)
    • SZCZ U/AB
    • b
    • Język katalogowania
    • pol
    • e
    • Zasady katalogowania
    • rda
    • c
    • Instytucja, która sporządziła rekord (NP)
    • SZCZ U/ABs
942 -Rodzaj dokumentu [ , ]
    • c
    • Rodzaj dokumentu
    • Książka
245 -Strefa tytułu i oznaczenia odpowiedzialności [0,4]
    • a
    • Tytuł
    • The new law : Find
    • b
    • Ciąg dalszy tytułu (NP)
    • suggestions for reforms and improvements of existing legal norms and principles / Find
    • c
    • Pozostałe elementy strefy tytułu i oznaczenia odpowiedzialności (NP)
    • Stefan Lorenzmeier, Dorota Miler (eds.).
246 -Wariant tytułu [1,8]
    • a
    • Tytuł (NP)
    • New law
250 -Strefa wydania [ , ]
    • a
    • Oznaczenie wydania (NP)
    • 1st edition.
260 -Strefa adresu wydawniczego [ , ]
    • a
    • Miejsce wydania (P)
    • Baden-Baden :
    • b
    • Nazwa wydawcy (P)
    • Nomos,
    • c
    • Data wydania (P)
    • 2018.
300 -Strefa opisu fizycznego [ , ]
    • a
    • Określenie formy książki i/lub objętość (NP)
    • 408 stron ;
    • c
    • Format (NP)
    • 23 cm.
336 -Typ zawartości [ , ]
    • a
    • Termin opisujący typ zawartości
    • Tekst
    • b
    • Kod określający zawartość
    • txt
    • 2
    • Źródło (terminu i kodu)
    • rdacontent
337 -Typ mediów [ , ]
    • a
    • Tryb odtwarzania
    • Bez urządzenia pośredniczącego
    • b
    • Kod typu mediów
    • n
    • 2
    • Źródło (terminu i kodu)
    • rdamedia
338 -Typ/rodzaj nośnika [ , ]
    • a
    • Hasło opisujące typ nośnika
    • Wolumin
    • b
    • Kod typu nośnika
    • nc
    • 2
    • Źródło (terminu i kodu)
    • rdacarrier
504 -Uwaga dot. bibliogr. załącznikowej [ , ]
    • a
    • Uwaga dot. bibliografii załącznikowej
    • Bibliografia przy referatach. Indeks.
650 -Hasło przedmiotowe [ ,7]
    • a
    • Hasło przedmiotowe
    • Prawo międzynarodowe.
    • 2
    • Źródło terminu
    • kaba
    • 9
    • KHW
    • 125812
650 -Hasło przedmiotowe [ ,7]
    • a
    • Hasło przedmiotowe
    • Reforma prawa.
    • 2
    • Źródło terminu
    • kaba
    • 9
    • KHW
    • 125696
700 -Hasło dodatkowe - nazwa osobowa [1, ]
    • a
    • Nazwa osobowa (NP)
    • Lorenzmeier, Stefan Find
    • d
    • Daty biograficzne (NP)
    • (1967- ).
    • e
    • Określenie rodzaju współpracy
    • Redakcja
    • 9
    • KHW
    • 736283
700 -Hasło dodatkowe - nazwa osobowa [1, ]
    • a
    • Nazwa osobowa (NP)
    • Miler, Dorota Find
    • d
    • Daty biograficzne (NP)
    • (1987- ).
    • e
    • Określenie rodzaju współpracy
    • Redakcja
    • 9
    • KHW
    • 736284
710 -Hasło dodatkowe - nazwa ciała zbiorowego [2, ]
    • a
    • Nazwa ciała zbiorowego lub nazwa geograficzna jako pierwszy element (NP)
    • Nomos Verlagsgesellschaft.
    • e
    • Rodzaj współpracy
    • Wydawca
    • 4
    • Kod relacji
    • pbl
    • 9
    • KHW
    • 54804
711 -Hasło dodatkowe - nazwa imprezy [2, ]
    • a
    • Nazwa imprezy (NP)
    • Augsburg Graduate Conference in Law
    • d
    • Data imprezy (NP)
    • (2016 ;
    • c
    • Miejsce imprezy (NP)
    • Augsburg).
    • 9
    • KHW
    • 736292
920 -ISBN [ , ]
    • a
    • ISBN
    • 978-3-8487-4088-8 (oprawa miękka ; print) Find
920 -ISBN [ , ]
    • a
    • ISBN
    • 978-3-8452-8397-5 (ePDF) Find
Status udost. Numer inwentarzowy Data inwentaryzacji Lokalizacja Sygnatura
1SA.269672025-09-04BSASA.26967/DW